Pertes des françois en Espagne et coup d'oeil sur les principaux evenemens de la Guerre dans la Peninsule jusqu'a la fin de mai 1811. (Record no. 161976)

MARC details
000 -LEADER
campo de control de longitud fija 00673nam a2200169 i 4500
001 - NÚMERO DE CONTROL
campo de control 161976
003 - IDENTIFICADOR DE NÚMERO DE CONTROL
campo de control ES-MaACL
005 - FECHA Y HORA DE LA ÚLTIMA TRANSACCIÓN
campo de control 20240229062728.0
008 - DATOS DE LONGITUD FIJA--INFORMACIÓN GENERAL
campo de control de longitud fija 041025s1811 xxk |||| | fre d
040 ## - FUENTE DE CATALOGACIÓN
Centro catalogador/agencia de origen CAM
Lengua de catalogación spa
Centro/agencia transcriptor CAM
245 00 - MENCIÓN DEL TÍTULO
Título Pertes des françois en Espagne et coup d'oeil sur les principaux evenemens de la Guerre dans la Peninsule jusqu'a la fin de mai 1811.
260 ## - PUBLICACIÓN, DISTRIBUCIÓN, ETC.
Lugar de publicación, distribución, etc. Londres :
Nombre del editor, distribuidor, etc. [s.n.,
Fecha de publicación, distribución, etc. 1811?] (
Fabricante Imprimerie de T. Harper le Jeune)
300 ## - DESCRIPCIÓN FÍSICA
Extensión 33 p. ;
Dimensiones 21 cm.
651 #4 - PUNTO DE ACCESO ADICIONAL DE MATERIA--NOMBRE GEOGRÁFICO
Nombre geográfico España-
Subdivisión general Historia-
Subdivisión cronológica 1808-1814, Guerra de la Independencia
9 (RLIN) 8244
852 ## - LOCALIZACIÓN
Ubicación ES-MaACL
Número de control de estantería Fol-Laf-413
Nota libre -- Sin enc.
-- -- Legado de Modesto de la Fuente
Holdings
Estatus retirado Estado de pérdida Estado de daño No para préstamo Colección Biblioteca de origen Biblioteca actual Ubicación en estantería Fecha de adquisición Fuente de adquisición Total de préstamos Signatura topográfica completa Código de barras Visto por última vez Precio de reemplazo Tipo de ítem Koha
        Colección de folletos Biblioteca del Ateneo de Madrid Biblioteca del Ateneo de Madrid Depósito folletos 17/01/2008     Fol-Laf-413 1169675 23/02/2023 23/02/2023 Folleto